XIV Censo de población y III de vivienda 1970: viviendas, hogares y familias Aisén

Na minha lista:
Detalhes bibliográficos
Autor Corporativo: Instituto Nacional de Estadísticas (Author)
Formato: Livro
Idioma:espanhol
Publicado em: Santiago INE 1970
Assuntos:
Tags: Adicionar Tag
Sem tags, seja o primeiro a adicionar uma tag!

MARC

LEADER 00000nam a2200000 a 4500
001 UCO4254
003 CL-VaPUC
008 000728e19700000CL |||||||||||||||||spa|d
082 0 4 |a 310.983  |b INS  |2 21 
110 2 |a Instituto Nacional de Estadísticas  |e author  |9 448583 
245 1 0 |a XIV Censo de población y III de vivienda 1970: viviendas, hogares y familias Aisén 
300 |a 60 p 
942 |c BK 
945 |d 20000728 00:00:00  |a crobeson 
260 |a Santiago  |b INE  |c 1970 
650 7 |a CENSO 1970  |2 CL-VaPUC  |9 448584 
650 0 |a Población  |9 257577 
650 0 |a Vivienda  |9 258662 
650 0 |a Estadísticas  |9 258644 
650 0 |a Demografía   |9 260008 
651 7 |a CHILE  |2 CL-VaPUC  |9 448585 
651 0 |a Aysén  |9 265657 
583 |a last modification  |c 20170808 05:19:19  |k Rodrigo Vera 
999 |c 290319  |d 290317 
952 |0 0  |1 0  |4 0  |6 310_983000000000000_INS_1970  |7 0  |8 X  |9 339657  |a BIBHIS  |b BIBHIS  |d 2019-11-20  |i 1212494  |o 310.983 INS 1970  |p 1212494  |r 2024-01-30  |w 2019-11-20  |y BK_X  |k HIS